Des dels camps. Cartes de refugiats i internats al Migdia francès l'any 1939
Descripción Física:
126 p. ; 29'5 cm
Colección:
Quaderns de l'Arxiu Pi i Sunyer ; 3
MARC
| LEADER | 00000nam a2200000Ia 4500 | ||
|---|---|---|---|
| 001 | 12118 | ||
| 008 | 160829s1998 xx 000 0 cat d | ||
| 080 | |a H-2-77 | ||
| 245 | |a Des dels camps. Cartes de refugiats i internats al Migdia francès l'any 1939 | ||
| 260 | |a Barcelona : |b Fundació Carles Pi i Sunyer d'Estudis Autonòmics i Locals, |c 1998 | ||
| 300 | |a 126 p. ; |c 29'5 cm | ||
| 490 | |a Quaderns de l'Arxiu Pi i Sunyer ; 3 | ||
| 590 | |a Abans del títol: Sèrie Les ruptures de l'any 1939 | ||
| 650 | |a Espanya |x Història |x 1936/1939, Guerra Civil |x Refugiats |x Epistolaris |9 27986 | ||
| 650 | |a Exiliats |x França |x Epistolaris |9 27987 | ||
| 710 | 1 | |a Fundació Carles Pi i Sunyer d'Estudis Autonòmics i Locals |9 52753 | |
| 901 | |a Arxiu | ||
| 942 | |n 1 | ||
| 952 | |0 0 |1 0 |4 0 |6 H277 |7 1 |9 44625 |a Arxiu |b Arxiu |d 2016-12-01 |l 0 |o H-2-77 |p 12118 |r 2016-12-01 00:00:00 |w 2016-12-01 |y ARXIU | ||
| 999 | |c 47206 |d 47206 | ||